Contabilidad de costos / (Registro nro. 24319)

Detalles MARC
000 -LEADER
fixed length control field 01310nam a2200313 4500
001 - CONTROL NUMBER
control field 0000016959
003 - CONTROL NUMBER IDENTIFIER
control field CO-CtgCURN
005 - DATE AND TIME OF LATEST TRANSACTION
control field 20250331185244.0
007 - PHYSICAL DESCRIPTION FIXED FIELD--GENERAL INFORMATION
fixed length control field ta
008 - FIXED-LENGTH DATA ELEMENTS--GENERAL INFORMATION
fixed length control field 160627s2010 000 0 eng d
020 ## - INTERNATIONAL STANDARD BOOK NUMBER
International Standard Book Number 9786071705167
040 ## - CATALOGING SOURCE
Original cataloging agency CO-CtgCURN
Language of cataloging spa
Transcribing agency coctgcurn
082 0# - DEWEY DECIMAL CLASSIFICATION NUMBER
Classification number 657.42
Item number H876
100 1# - MAIN ENTRY--PERSONAL NAME
Personal name Huicochea Alsina, Emilio.
245 10 - TITLE STATEMENT
Title Contabilidad de costos /
Statement of responsibility, etc. Emilio Huicochea Alsina, Emilio Huicochea Alvarado.
250 ## - EDITION STATEMENT
Edition statement 3a ed.
260 ## - PUBLICATION, DISTRIBUTION, ETC.
Place of publication, distribution, etc. Mexico :
Name of publisher, distributor, etc. Trillas,
Date of publication, distribution, etc. 2010.
300 ## - PHYSICAL DESCRIPTION
Extent 215 p.
336 ## - CONTENT TYPE
Source rdacontent
337 ## - MEDIA TYPE
Source rdamedia
Media type term sin mediacion
Media type code n
338 ## - CARRIER TYPE
Source rdacarrier
Carrier type term volumen
Carrier type code nc
504 ## - BIBLIOGRAPHY, ETC. NOTE
Bibliography, etc. note incluye indice y bibliografia (p. 209)
505 8# - FORMATTED CONTENTS NOTE
Formatted contents note El area de la contabilidad de costos.--Los costos y sus elementos. La relacion cost-volumen-utilidad.--Contabilidad y control de materiales.--Contabilizacion y control de la mano de obra.--Contabilizacion y control de cargos indirectos.--Costeo basado en actividades ABC.--Sistemas de costos y su clasdificacion de acuerdo con los regimenes y caracteristicas de la producción
650 14 - SUBJECT ADDED ENTRY--TOPICAL TERM
Topical term or geographic name entry element Contabilidad de costos.
700 1# - ADDED ENTRY--PERSONAL NAME
Personal name Huicochea Alvarado, Emilio.
908 ## - PUT COMMAND PARAMETER (RLIN)
Put command parameter 160627
942 ## - ADDED ENTRY ELEMENTS (KOHA)
Koha item type Libros
Classification part 657.42
Item part H876
Source of classification or shelving scheme Dewey Decimal Classification
Existencias
Withdrawn status Lost status Source of classification or shelving scheme Damaged status Not for loan Collection Home library Current library Shelving location Date acquired Inventory number Total checkouts Full call number Barcode Date last seen Price effective from Koha item type Public note
    Dewey Decimal Classification     General Miguel Henríquez Castañeda Miguel Henríquez Castañeda General 03/31/2025 015326   657.42 H876 015326 03/31/2025 03/31/2025 Libros 650-ADMINS